Climate warming in the plantation belt of Kerala and its impact on natural rubber productivity (Record no. 55702)

MARC details
000 -LEADER
fixed length control field 00598nam a2200169Ia 4500
100 ## - MAIN ENTRY--AUTHOR NAME
Personal name Jacob J
245 #0 - TITLE STATEMENT
Title Climate warming in the plantation belt of Kerala and its impact on natural rubber productivity
260 ## - PUBLICATION, DISTRIBUTION, ETC. (IMPRINT)
Name of publisher Proceedings of Kerala Environment Congress 2012, 16-18 August 2012, Centre for Environment and Development, Thiruvananthapuram. pp 99-108.
500 ## - GENERAL NOTE
General note Source Year: 2012
650 ## - SUBJECT ADDED ENTRY--TOPICAL TERM
Topical Term Climate change
650 ## - SUBJECT ADDED ENTRY--TOPICAL TERM
Topical Term Global warming
650 ## - SUBJECT ADDED ENTRY--TOPICAL TERM
Topical Term Kerala
650 ## - SUBJECT ADDED ENTRY--TOPICAL TERM
Topical Term Plantation belt
700 ## - ADDED ENTRY--PERSONAL NAME
Personal name Satheesh P R
942 ## - ADDED ENTRY ELEMENTS (KOHA)
Koha item type Journals
Holdings
Withdrawn status Lost status Damaged status Not for loan Home library Current library Shelving location Date acquired Koha item type
      Journals RRII Library RRII Library Climate change 01/05/2013 Journals